Molecular metals
Guardado en:
| Autor principal: | |
|---|---|
| Formato: | Libro |
| Lenguaje: | inglés |
| Publicado: |
New York :
Plenum Press,
1979
|
| Etiquetas: |
Sin Etiquetas, Sea el primero en etiquetar este registro!
|
MARC
| LEADER | 00000nam a22000003a 4500 | ||
|---|---|---|---|
| 001 | stu94275 | ||
| 005 | 20150617225614.7 | ||
| 008 | 050607s1979------------------------eng-d | ||
| 040 | |a STU |b slo | ||
| 041 | 0 | |a eng | |
| 100 | 1 | |a Hatfield, W.E. |4 aut | |
| 245 | 1 | |a Molecular metals | |
| 260 | |a New York : |b Plenum Press, |c 1979 | ||
| 996 | |b E50504 |c E*50504 |l EE05 |s P |a 0 |w stu94275_0001 | ||